Συγκριτική μελέτη γνώσεων, αντιλήψεων και στάσεων σε θέματα περιβάλλοντος και αειφορίας μαθητών Γ' λυκείου, ιδιωτικού και δημόσιου σχολείου : διπλωματική εργασία [μεταπτυχιακή εργασία]
Αποθηκεύτηκε σε:
| Κύριος συγγραφέας: | |
|---|---|
| Συγγραφή απο Οργανισμό/Αρχή: | |
| Άλλοι συγγραφείς: | |
| Μορφή: | Thesis Βιβλίο |
| Γλώσσα: | Greek |
| Δημοσίευση: |
2014
|
| Θέματα: | |
| Διαθέσιμο Online: | http://hdl.handle.net/11610/15844 |
| Ετικέτες: |
Προσθήκη ετικέτας
Δεν υπάρχουν, Καταχωρήστε ετικέτα πρώτοι!
|
MARC
| LEADER | 00000cam a2200000 i 4500 | ||
|---|---|---|---|
| 001 | 1/66067 | ||
| 008 | 150205s2014 gre d | ||
| 035 | |l 10120911 | ||
| 040 | |a GR-MY-UA |b gre |e aacr | ||
| 041 | 0 | |a gre | |
| 082 | 0 | |a 372.357 |2 (22) | |
| 100 | 1 | |a Βασιλάκης, Κωνσταντίνος Γ. | |
| 245 | 1 | 0 | |a Συγκριτική μελέτη γνώσεων, αντιλήψεων και στάσεων σε θέματα περιβάλλοντος και αειφορίας μαθητών Γ' λυκείου, ιδιωτικού και δημόσιου σχολείου : |b διπλωματική εργασία [μεταπτυχιακή εργασία] / |c Βασιλάκης Κωνσταντίνος ; επιβλέπων: Παπαβασιλείου Βασίλειος |
| 260 | |c 2014 | ||
| 300 | |a 190 σ.; |b πίν.; |c 30 εκ. | ||
| 500 | |a Μέλη εξεταστικής επιτροπής: Θεοδωροπούλου Έλενα, Σταμάτης Παναγιώτης | ||
| 502 | |a Διατριβή (μεταπτυχιακή) – Πανεπιστήμιο Αιγαίου, Ρόδος, 2014. | ||
| 504 | |a Βιβλιογραφία: σ. 176-182 | ||
| 650 | 0 | 0 | |a Environmental education. |
| 650 | 0 | 0 | |a Sustainable development |x Study and teaching. |
| 650 | 0 | 0 | |a Students |x Attitudes. |
| 650 | 0 | 0 | |a Ecology. |
| 650 | 0 | 0 | |a Dissertations, Academic |z Greece. |
| 700 | 1 | |4 ths |a Παπαβασιλείου, Βασίλειος Φ. | |
| 710 | 2 | |a Πανεπιστήμιο Αιγαίου |b Σχολή Ανθρωπιστικών Επιστημών |b Τμήμα Επιστημών της Προσχολικής Αγωγής και του Εκπαιδευτικού Σχεδιασμού |b Πρόγραμμα Μεταπτυχιακών Σπουδών Περιβαλλοντική Εκπαίδευση. | |
| 852 | |a INST |b RHODES |c DIATR |e 20150205 |h 372.357 ΒΑΣ |p 005400037582 |q 005400037582 |t MTXE |y 23 | ||
| 852 | |a INST |b RHODES |c DIATR |e 20150205 |h 372.357 ΒΑΣ |p 005400037583 |q 005400037583 |t MTXE |y 23 | ||
| 856 | |u http://hdl.handle.net/11610/15844 | ||
| 901 | |a BIBL4-2015-1 | ||
| 909 | |a Ρ |b 183901 | ||
| 909 | |a Ρ |b 183902 | ||
| 924 | |a ΒΑΣΙΛΑΚΗΣ |b ΚΩΝΣΤΑΝΤΙΝΟΣ |y ΡΟΔΟΣ |z 2014-10 | ||
| 970 | |z 2015/02/05 | ||